[Event "Titled Tuesday intern op 26th Sep Early"]
[Site "Chess.com INT"]
[Date "2023.09.26"]
[Round "5"]
[White "Goumas, Georgios"]
[Black "Berezin, Viktor1111"]
[Result "1-0"]
[WhiteElo "2447"]
[BlackElo "2307"]
[PlyCount "69"]
[EventDate "2023.09.26"]
[EventType "swiss (blitz)"]
[EventRounds "11"]
[EventCountry "USA"]
[SourceTitle "EXT 2024"]
[Source "ChessBase"]
[SourceDate "2023.10.10"]
[SourceVersion "1"]
[SourceVersionDate "2023.10.10"]
[SourceQuality "1"]

1. d4 Nf6 2. Nf3 g6 3. e3 Bg7 4. Bd3 0-0 5. 0-0 d6 6. b3 b6 7. Bb2 Bb7 8. Nbd2 Nbd7 9. c4 c5 10. Re1 d5 11. Rc1 e6 12. Ne5 Nxe5 13. dxe5 Nd7 14. f4 f6 15. exf6 Bxf6 16. Bxf6 Qxf6 17. Nf3 e5 18. cxd5 exf4 19. e4 Ne5 20. Bc4 g5 21. Nxe5 Qxe5 22. Qg4 Kg7 23. Rcd1 f3 24. gxf3 Rf4 25. Qd7+ Rf7 26. Qg4 h5 27. Qg3 Rf4 28. d6 Raf8 29. d7 Qf6 30. Re3 Kh6 31. e5 Qe7 32. e6 Rxf3 33. Rxf3 Bxf3 34. d8Q Rxd8 35. Rxd8 1-0

[Event "Titled Tuesday intern op 26th Sep Early"]
[Site "Chess.com INT"]
[Date "2023.09.26"]
[Round "1"]
[White "Goumas, Georgios"]
[Black "Sivanandan, Bodhana"]
[Result "0-1"]
[WhiteElo "2447"]
[BlackElo "1840"]
[PlyCount "106"]
[EventDate "2023.09.26"]
[EventType "swiss (blitz)"]
[EventRounds "11"]
[EventCountry "USA"]
[SourceTitle "EXT 2024"]
[Source "ChessBase"]
[SourceDate "2023.10.10"]
[SourceVersion "1"]
[SourceVersionDate "2023.10.10"]
[SourceQuality "1"]

1. d4 d6 2. Nf3 Nf6 3. e3 g6 4. Bd3 Bg7 5. 0-0 0-0 6. c3 Bg4 7. h3 Bxf3 8. Qxf3 c6 9. Nd2 Nbd7 10. e4 e5 11. Re1 Re8 12. Nc4 Qc7 13. b3 b5 14. Ne3 d5 15. Ng4 dxe4 16. Nxf6+ Nxf6 17. Bxe4 exd4 18. Bf4 Qb6 19. Bxc6 Rxe1+ 20. Rxe1 Rc8 21. Be4 Nxe4 22. Qxe4 dxc3 23. b4 h6 24. Be3 Qc6 25. Qc2 a6 26. Bc5 Rd8 27. Re2 Qd5 28. Kh2 Qd3 29. g3 Qxc2 30. Rxc2 Rd2 31. Rc1 Rxa2 32. Kg2 c2 33. Be3 Bc3 34. Kf3 Bxb4 35. Ke2 Bf8 36. Bd4 b4 37. Kd3 b3 38. Kc3 b2 39. Kxc2 bxc1Q+ 40. Kxc1 Bg7 41. Kb1 Bxd4 42. Kxa2 Bxf2 43. g4 f5 44. gxf5 gxf5 45. Kb3 Bd4 46. Kc4 f4 47. Kxd4 a5 48. Ke4 a4 49. Kxf4 a3 50. Kf5 a2 51. h4 a1Q 52. h5 Qa5+ 53. Kg6 Qg5# 0-1

[Event "GRE-chT 50th"]
[Site "Nikaia"]
[Date "2023.08.26"]
[Round "2.1"]
[White "Goumas, Georgios"]
[Black "Georgakopoulos, Nikolaos"]
[Result "1-0"]
[WhiteElo "2454"]
[BlackElo "2342"]
[PlyCount "71"]
[EventDate "2023.08.25"]
[EventType "team"]
[EventRounds "9"]
[EventCountry "GRE"]
[SourceTitle "EXT 2024"]
[Source "ChessBase"]
[SourceDate "2023.10.10"]
[SourceVersion "1"]
[SourceVersionDate "2023.10.10"]
[SourceQuality "1"]
[WhiteTeam "Evoiki ES"]
[BlackTeam "Patron"]
[WhiteTeamCountry "GRE"]
[BlackTeamCountry "GRE"]

1. e4 c5 2. Nf3 e6 3. d4 cxd4 4. Nxd4 a6 5. Bd3 Bc5 6. Nb3 Be7 7. Qg4 g6 8. Qe2 d6 9. a4 b6 10. Na3 Bb7 11. a5 b5 12. c4 bxc4 13. Nxc4 Nd7 14. 0-0 Qb8 15. Nb6 Nxb6 16. axb6 Nf6 17. Na5 0-0 18. Bg5 Re8 19. Rfc1 Nh5 20. Be3 Bd8 21. Nxb7 Qxb7 22. Bxa6 Qxe4 23. b7 Rb8 24. Rc8 Rxb7 25. Bxb7 Qxb7 26. Raa8 Qd7 27. Bb6 Bxb6 28. Rxe8+ Kg7 29. Rg8+ Kf6 30. Qf3+ Kg5 31. h4+ Kxh4 32. g4 Qb5 33. gxh5 Qg5+ 34. Kh1 Qc1+ 35. Kg2 Qxb2 36. Ra4+ 1-0

[Event "GRE CupT final 41st"]
[Site "Peristeri"]
[Date "2023.08.24"]
[Round "3.2"]
[White "Goumas, Georgios"]
[Black "Frendzas, Panayotis"]
[Result "1-0"]
[WhiteElo "2454"]
[BlackElo "2214"]
[PlyCount "93"]
[EventDate "2023.08.23"]
[EventType "team"]
[EventRounds "5"]
[EventCountry "GRE"]
[SourceTitle "CBM 215 Extra"]
[Source "ChessBase"]
[SourceDate "2023.09.30"]
[SourceVersion "1"]
[SourceVersionDate "2023.09.30"]
[SourceQuality "1"]
[WhiteTeam "Evoiki ES"]
[BlackTeam "Ippotis Rodi"]
[WhiteTeamCountry "GRE"]
[BlackTeamCountry "GRE"]

1. e4 c5 2. Nf3 e6 3. d4 cxd4 4. Nxd4 Nf6 5. Qe2 e5 6. Nb3 Nc6 7. Nc3 Be7 8. Be3 d6 9. 0-0-0 0-0 10. h3 Na5 11. f4 Nxb3+ 12. cxb3 exf4 13. Bxf4 Qb6 14. g4 Be6 15. g5 Nd7 16. h4 Rfe8 17. h5 Bf8 18. Kb1 f5 19. g6 h6 20. Be3 Qc6 21. Bg2 Nf6 22. e5 Ne4 23. Nxe4 fxe4 24. Rc1 Qd5 25. exd6 Qxd6 26. Bxe4 Bd5 27. Bxd5+ Qxd5 28. Ka1 Rac8 29. Qf2 b6 30. Rcd1 Qe6 31. Rhe1 Rcd8 32. Rxd8 Rxd8 33. Rf1 Be7 34. Bd4 Qd5 35. a3 Rf8 36. Qg1 Rxf1+ 37. Qxf1 Qxb3 38. Qe2 Bf8 39. Bc3 Qd5 40. Qe8 Qd1+ 41. Ka2 Qd5+ 42. b3 a5 43. a4 Qd6 44. Qf7+ Kh8 45. Bb2 Qc5 46. Qf4 Qe7 47. Qxh6+ 1-0

[Event "Leca da Palmeira 2nd"]
[Site "Leca da Palmeira"]
[Date "2023.08.05"]
[Round "8"]
[White "Campora, Daniel Hugo"]
[Black "Goumas, Georgios"]
[Result "1-0"]
[WhiteElo "2333"]
[BlackElo "2454"]
[PlyCount "89"]
[EventDate "2023.07.31"]
[EventType "swiss"]
[EventRounds "9"]
[EventCountry "POR"]
[SourceTitle "CBM 215 Extra"]
[Source "ChessBase"]
[SourceDate "2023.09.30"]
[SourceVersion "1"]
[SourceVersionDate "2023.09.30"]
[SourceQuality "1"]

1. e4 c5 2. Nf3 Nc6 3. Bb5 g6 4. Bxc6 bxc6 5. 0-0 Bg7 6. Re1 Qc7 7. c3 d6 8. h3 Nf6 9. d4 cxd4 10. cxd4 0-0 11. Nc3 Bb7 12. Bg5 c5 13. Rc1 cxd4 14. Nd5 Qd8 15. Bxf6 exf6 16. Nxd4 Bxd5 17. exd5 Qa5 18. a4 Qxd5 19. Nc6 Qa2 20. b4 Rfe8 21. Rxe8+ Rxe8 22. Nxa7 f5 23. b5 Qb2 24. Rb1 Qa2 25. Nc6 Bc3 26. Nb4 Qc4 27. Nd3 d5 28. b6 Rb8 29. b7 Qa6 30. Nc5 Qc6 31. Rb5 Bb4 32. Nd3 Bd6 33. Qb1 Bc7 34. a5 h5 35. h4 f4 36. Qb3 f3 37. gxf3 Qd6 38. f4 Qe7 39. a6 Qxh4 40. Qd1 Re8 41. a7 Re3 42. b8Q+ Kg7 43. Qxc7 Rh3 44. Qa1+ Kh7 45. Qxf7+ 1-0

[Event "Oviedo op 9th"]
[Site "Oviedo"]
[Date "2023.07.26"]
[Round "4"]
[White "Goumas, Georgios"]
[Black "Martin Duque, Jesus"]
[Result "1-0"]
[WhiteElo "2454"]
[BlackElo "2387"]
[PlyCount "117"]
[EventDate "2023.07.24"]
[EventType "swiss"]
[EventRounds "9"]
[EventCountry "ESP"]
[SourceTitle "CBM 215 Extra"]
[Source "ChessBase"]
[SourceDate "2023.09.30"]
[SourceVersion "1"]
[SourceVersionDate "2023.09.30"]
[SourceQuality "1"]

1. e4 c6 2. d4 d5 3. e5 Bf5 4. h4 h5 5. Bd3 Bxd3 6. Qxd3 Qa5+ 7. Nd2 e6 8. Ngf3 Qa6 9. c4 Nh6 10. 0-0 Nf5 11. b3 Be7 12. a4 Qa5 13. Ba3 Bxa3 14. Rxa3 Qb4 15. Raa1 Qe7 16. g3 0-0 17. Rfc1 Na6 18. Nf1 Nb4 19. Qd2 dxc4 20. Rxc4 Nd5 21. Qe2 Rfd8 22. a5 Nc7 23. Ne3 Nb5 24. Nxf5 exf5 25. a6 b6 26. Rac1 g6 27. Rxc6 Nxd4 28. Nxd4 Rxd4 29. e6 Re8 30. Rc7 Qxe6 31. Qxe6 Rxe6 32. Rxa7 b5 33. Ra1 Rdd6 34. Ra8+ Kg7 35. b4 Kf6 36. Ra5 f4 37. gxf4 Rd1+ 38. Kg2 Rd2 39. Ra3 Ree2 40. Rf3 Rd5 41. f5 Rxf5 42. Rxf5+ gxf5 43. Kf1 Ra2 44. f4 Ke6 45. a7 Ke7 46. Ke1 Ra6 47. Ke2 Ra3 48. Kd2 Ra6 49. Ke3 Ra4 50. Kd3 Kf6 51. Kd4 Rxb4+ 52. Kc5 Ra4 53. Kb6 b4 54. Re8 b3 55. Re2 Rb4+ 56. Ka5 b2 57. a8Q Rb5+ 58. Ka6 Rb6+ 59. Ka7 1-0

[Event "Maia op 6th"]
[Site "Maia"]
[Date "2022.09.01"]
[Round "9"]
[White "Fernandez, Maria Florencia"]
[Black "Goumas, Georgios"]
[Result "1/2-1/2"]
[WhiteElo "2202"]
[BlackElo "2456"]
[PlyCount "73"]
[EventDate "2022.08.26"]
[EventType "swiss"]
[EventRounds "9"]
[EventCountry "POR"]
[SourceTitle "CBM 210 Extra"]
[Source "ChessBase"]
[SourceDate "2022.11.30"]
[SourceVersion "1"]
[SourceVersionDate "2022.11.30"]
[SourceQuality "1"]

1. d4 Nf6 2. c4 e6 3. Nf3 d5 4. Nc3 dxc4 5. e4 b5 6. e5 Nd5 7. Nxb5 Nb6 8. Qd2 Nc6 9. Qf4 Qd7 10. Be2 Nb4 11. Na3 Nd3+ 12. Bxd3 cxd3 13. 0-0 Ba6 14. Rd1 Nd5 15. Qg4 f5 16. exf6 Nxf6 17. Qh3 Bd6 18. b3 0-0 19. Nc4 Bxc4 20. bxc4 Qa4 21. Qxe6+ Kh8 22. Be3 Rae8 23. Qf5 Qxc4 24. Qxd3 Qd5 25. h3 Nh5 26. Rab1 Rxf3 27. gxf3 Qxf3 28. Qf1 h6 29. Qg2 Rxe3 30. fxe3 Qxe3+ 31. Qf2 Bh2+ 32. Kf1 Qxh3+ 33. Qg2 Qf5+ 34. Qf2 Qh3+ 35. Qg2 Qf5+ 36. Qf2 Qh3+ 37. Qg2 1/2-1/2

[Event "Maia op 6th"]
[Site "Maia"]
[Date "2022.08.27"]
[Round "2"]
[White "Defromont, Benjamin"]
[Black "Goumas, Georgios"]
[Result "0-1"]
[WhiteElo "2292"]
[BlackElo "2456"]
[PlyCount "94"]
[EventDate "2022.08.26"]
[EventType "swiss"]
[EventRounds "9"]
[EventCountry "POR"]
[SourceTitle "CBM 210 Extra"]
[Source "ChessBase"]
[SourceDate "2022.11.30"]
[SourceVersion "1"]
[SourceVersionDate "2022.11.30"]
[SourceQuality "1"]

1. e4 Nc6 2. Nf3 d6 3. d4 Nf6 4. Nc3 g6 5. h3 Bg7 6. Be3 0-0 7. d5 Nb8 8. Qd2 e5 9. dxe6 Bxe6 10. 0-0-0 Nc6 11. Bh6 a6 12. Bxg7 Kxg7 13. Nd4 Nxd4 14. Qxd4 Kg8 15. g4 b5 16. Be2 c5 17. Qe3 b4 18. Na4 Qa5 19. b3 Rfd8 20. g5 Ne8 21. Bg4 c4 22. f4 Rac8 23. Bxe6 fxe6 24. Qb6 Qb5 25. Qxb5 axb5 26. Nb2 d5 27. exd5 exd5 28. Rhe1 Nc7 29. Re7 Rf8 30. Rd4 Rf7 31. Rxf7 Kxf7 32. Nd1 Ra8 33. Ne3 Ke6 34. Kb1 Kd6 35. Rd1 Re8 36. Ng4 Re4 37. Nf6 Rxf4 38. Ng4 Re4 39. Nf6 Rf4 40. Nxh7 Ne6 41. Nf6 d4 42. Ne8+ Kc6 43. Rg1 c3 44. Kc1 d3 45. cxd3 Rf2 46. Nf6 Rxa2 47. Rg4 Nc5 0-1

[Event "GRE-chT 49th"]
[Site "Thessaloniki"]
[Date "2022.08.16"]
[Round "6.1"]
[White "Tzermiadianos, Andreas"]
[Black "Goumas, Georgios"]
[Result "1/2-1/2"]
[WhiteElo "2418"]
[BlackElo "2456"]
[PlyCount "72"]
[EventDate "2022.08.12"]
[EventType "team-swiss"]
[EventRounds "7"]
[EventCountry "GRE"]
[SourceTitle "CBM 209 Extra"]
[Source "ChessBase"]
[SourceDate "2022.09.30"]
[SourceVersion "1"]
[SourceVersionDate "2022.09.30"]
[SourceQuality "1"]
[WhiteTeam "Evoiki ES"]
[BlackTeam "Eaao Fysiolatris Nikias"]
[WhiteTeamCountry "GRE"]
[BlackTeamCountry "GRE"]

1. Nf3 Nf6 2. e3 g6 3. d4 Bg7 4. c4 0-0 5. Nc3 d6 6. Be2 Bf5 7. 0-0 Ne4 8. Nxe4 Bxe4 9. Ng5 Bf5 10. e4 Bd7 11. f4 e5 12. fxe5 Nc6 13. c5 dxe5 14. Bc4 Be8 15. d5 Nd4 16. Nf3 Qe7 17. b4 a5 18. Nxd4 exd4 19. b5 Qxc5 20. Qd3 Bd7 21. Ba3 Qb6 22. Kh1 Be5 23. Rf3 Kg7 24. Raf1 f6 25. h4 h5 26. R3f2 Rfe8 27. Bc1 Rf8 28. a4 Rae8 29. Ba3 Rf7 30. Bb3 Bd6 31. Bb2 Be5 32. Ba3 Bd6 33. Bb2 Be5 34. Rc1 Rff8 35. Ba3 f5 36. Bc5 Bd6 1/2-1/2

[Event "Seville op 47th"]
[Site "Seville"]
[Date "2022.07.22"]
[Round "8"]
[White "Lianes Garcia, Marcos"]
[Black "Goumas, Georgios"]
[Result "1/2-1/2"]
[WhiteElo "2411"]
[BlackElo "2427"]
[PlyCount "60"]
[EventDate "2022.07.16"]
[EventType "swiss"]
[EventRounds "9"]
[EventCountry "ESP"]
[SourceTitle "CBM 209 Extra"]
[Source "ChessBase"]
[SourceDate "2022.09.30"]
[SourceVersion "1"]
[SourceVersionDate "2022.09.30"]
[SourceQuality "1"]

1. e4 c5 2. Nf3 d6 3. d4 cxd4 4. Nxd4 Nf6 5. Nc3 a6 6. h4 e5 7. Nb3 Be7 8. Be2 Be6 9. f4 exf4 10. Bxf4 Nc6 11. Qd2 Ne5 12. 0-0-0 Nfd7 13. Qe3 Rc8 14. Nd4 0-0 15. Kb1 Qa5 16. Nxe6 fxe6 17. Bg5 Rfe8 18. Bxe7 Rxe7 19. Rxd6 Qc5 20. Qxc5 Rxc5 21. Rf1 Nf7 22. Rd4 Nf6 23. a3 Rec7 24. Rfd1 Kf8 25. Rc1 Ke7 26. Rcd1 Re5 27. Bf3 Rec5 28. Be2 Re5 29. Bf3 Rec5 30. Be2 Re5 1/2-1/2

[Event "Seville op 47th"]
[Site "Seville"]
[Date "2022.07.21"]
[Round "7"]
[White "Goumas, Georgios"]
[Black "Fernandez Guillen, Ernesto J"]
[Result "1-0"]
[WhiteElo "2427"]
[BlackElo "2383"]
[PlyCount "88"]
[EventDate "2022.07.16"]
[EventType "swiss"]
[EventRounds "9"]
[EventCountry "ESP"]
[SourceTitle "CBM 209 Extra"]
[Source "ChessBase"]
[SourceDate "2022.09.30"]
[SourceVersion "1"]
[SourceVersionDate "2022.09.30"]
[SourceQuality "1"]

1. e4 c5 2. Nf3 d6 3. d4 cxd4 4. Nxd4 Nf6 5. Nc3 a6 6. Be3 e6 7. Be2 Qc7 8. a4 b6 9. f4 Bb7 10. Bf3 Nbd7 11. Qe2 h5 12. h3 e5 13. Nb3 Be7 14. g4 exf4 15. Bxf4 Ne5 16. 0-0-0 Nxf3 17. Qxf3 hxg4 18. hxg4 Rxh1 19. Qxh1 0-0-0 20. g5 Ng4 21. Qh3 Qd7 22. Qg3 f6 23. g6 Ne5 24. Nd4 Bf8 25. Kb1 Qe8 26. Nf5 Qe6 27. Nd5 Bxd5 28. Rxd5 Nc6 29. Qd3 Kc7 30. Qc4 Kb7 31. b3 Rc8 32. Nxd6+ Bxd6 33. Rxd6 Qe8 34. Qf7+ Qxf7 35. gxf7 Ne5 36. Bxe5 fxe5 37. Rg6 Rf8 38. Rxg7 Kc6 39. Kb2 Kd7 40. Rg6 Rxf7 41. Rxb6 Rf4 42. Rxa6 Rxe4 43. a5 Kc7 44. Rb6 Rd4 1-0

[Event "Seville op 47th"]
[Site "Seville"]
[Date "2022.07.17"]
[Round "2"]
[White "Alba Fernandez, Nicolas"]
[Black "Goumas, Georgios"]
[Result "0-1"]
[WhiteElo "2050"]
[BlackElo "2427"]
[PlyCount "102"]
[EventDate "2022.07.16"]
[EventType "swiss"]
[EventRounds "9"]
[EventCountry "ESP"]
[SourceTitle "CBM 209 Extra"]
[Source "ChessBase"]
[SourceDate "2022.09.30"]
[SourceVersion "1"]
[SourceVersionDate "2022.09.30"]
[SourceQuality "1"]

1. d4 Nf6 2. c4 g6 3. Nc3 Bg7 4. e4 d6 5. h3 0-0 6. Be3 Nc6 7. d5 Nb4 8. Nf3 e6 9. Be2 Re8 10. 0-0 exd5 11. exd5 Ne4 12. Nxe4 Rxe4 13. Qd2 a5 14. a3 Na6 15. Bd3 Re8 16. Bg5 f6 17. Bh6 Nc5 18. Bxg7 Kxg7 19. Rae1 a4 20. Rxe8 Qxe8 21. Re1 Qf8 22. Bc2 Bd7 23. Qf4 Re8 24. Re3 Rxe3 25. Qxe3 f5 26. Qd4+ Qf6 27. Kf1 b5 28. cxb5 Bxb5+ 29. Ke1 Qxd4 30. Nxd4 Bc4 31. Ne6+ Nxe6 32. dxe6 Bb5 33. b3 Kf6 34. bxa4 Bc4 35. f4 Kxe6 36. Kf2 c5 37. g4 d5 38. Ke3 d4+ 39. Kd2 Ba6 40. gxf5+ gxf5 41. h4 c4 42. Bd1 Bb7 43. Bc2 c3+ 44. Kc1 Ba6 45. Bb3+ Kd6 46. Kc2 Bb7 47. Kd3 Kc5 48. Ke2 Be4 49. h5 h6 50. Ba2 Bd5 51. Bb1 Bc4+ 0-1

[Event "Barbera del Valles op 44th"]
[Site "Barbera del Valles"]
[Date "2022.07.07"]
[Round "4"]
[White "Goumas, Georgios"]
[Black "Narciso Dublan, Marc"]
[Result "1/2-1/2"]
[WhiteElo "2427"]
[BlackElo "2461"]
[PlyCount "64"]
[EventDate "2022.07.04"]
[EventType "swiss"]
[EventRounds "9"]
[EventCountry "ESP"]
[SourceTitle "EXT 2023"]
[Source "ChessBase"]
[SourceDate "2022.10.05"]
[SourceVersion "1"]
[SourceVersionDate "2022.10.05"]
[SourceQuality "1"]

1. e4 d5 2. exd5 Qxd5 3. Nc3 Qa5 4. d4 Nf6 5. Bc4 Bg4 6. Nge2 e6 7. f3 Bf5 8. g4 Bg6 9. h4 h6 10. Nf4 Bh7 11. Bd2 Qb6 12. d5 e5 13. Qe2 Nbd7 14. 0-0-0 0-0-0 15. Nh3 Bc5 16. Na4 Qd6 17. Nxc5 Nxc5 18. Be3 Nfd7 19. a3 f5 20. gxf5 Bxf5 21. Nf2 Rhf8 22. Qd2 b6 23. b4 Nb7 24. Be2 c5 25. Rhg1 Rf7 26. Bb5 Nf6 27. Bc6 cxb4 28. axb4 Na5 29. bxa5 Qa3+ 30. Kb1 Qb3+ 31. Kc1 Qa3+ 32. Kb1 Qb3+ 1/2-1/2

[Event "Barbera del Valles op 44th"]
[Site "Barbera del Valles"]
[Date "2022.07.05"]
[Round "2"]
[White "Goumas, Georgios"]
[Black "Del Amo Carbo, Jordi"]
[Result "1-0"]
[WhiteElo "2427"]
[BlackElo "2148"]
[PlyCount "77"]
[EventDate "2022.07.04"]
[EventType "swiss"]
[EventRounds "9"]
[EventCountry "ESP"]
[SourceTitle "EXT 2023"]
[Source "ChessBase"]
[SourceDate "2022.10.05"]
[SourceVersion "1"]
[SourceVersionDate "2022.10.05"]
[SourceQuality "1"]

1. e4 e5 2. Nf3 Nc6 3. Bb5 a6 4. Ba4 Nf6 5. 0-0 b5 6. Bb3 Bc5 7. a4 Rb8 8. c3 d6 9. d4 Bb6 10. a5 Ba7 11. h3 0-0 12. Be3 Ra8 13. Re1 Bb7 14. Nbd2 Qe7 15. Nh4 Rfe8 16. Bg5 exd4 17. Nf5 Qd8 18. Bd5 Rb8 19. Bxc6 Bxc6 20. cxd4 h6 21. Bh4 Kh7 22. Qc2 Qd7 23. e5 g6 24. Rac1 gxf5 25. Qxc6 Qxc6 26. Rxc6 Nd5 27. Nf3 dxe5 28. Rxe5 Rxe5 29. dxe5 Re8 30. Rxa6 Bc5 31. Rc6 Ba7 32. Ra6 Bc5 33. Kf1 b4 34. b3 Re6 35. Ra8 Be7 36. Bxe7 Rxe7 37. a6 Re6 38. Rd8 Nb6 39. a7 1-0

[Event "GRE-chT Final 4 48th"]
[Site "Larisa"]
[Date "2021.11.06"]
[Round "1.1"]
[White "Goumas, Georgios"]
[Black "Pavlidis, Antonios"]
[Result "1-0"]
[WhiteElo "2420"]
[BlackElo "2536"]
[PlyCount "109"]
[EventDate "2021.11.06"]
[EventType "team-k.o."]
[EventRounds "2"]
[EventCountry "GRE"]
[SourceTitle "CBM 205 Extra"]
[Source "ChessBase"]
[SourceDate "2022.01.31"]
[SourceVersion "1"]
[SourceVersionDate "2022.01.31"]
[SourceQuality "1"]
[WhiteTeam "Nikaia Fysiolatris"]
[BlackTeam "Kavalas SO"]
[WhiteTeamCountry "GRE"]
[BlackTeamCountry "GRE"]

1. e4 c5 2. Nc3 a6 3. Nf3 b5 4. d4 cxd4 5. Nxd4 e6 6. Bd3 Nc6 7. Nxc6 dxc6 8. e5 Ne7 9. 0-0 Ng6 10. Bxg6 hxg6 11. Qxd8+ Kxd8 12. Ne4 c5 13. Rd1+ Kc7 14. Nd6 Bxd6 15. Rxd6 Rd8 16. Rxd8 Kxd8 17. Be3 Bb7 18. Bxc5 Rc8 19. b4 f6 20. a4 bxa4 21. Rxa4 Ke8 22. h3 fxe5 23. c4 g5 24. Ra3 e4 25. Kh2 Kf7 26. Ra2 Ke8 27. Ra3 Kf7 28. Ra2 Ke8 29. Kg3 Rc6 30. Kg4 Bc8 31. Kxg5 e5 32. Rd2 Be6 33. Re2 Bf7 34. Rxe4 Rg6+ 35. Kf5 Rxg2 36. Kxe5 Rg6 37. Kd4+ Kd8 38. b5 axb5 39. cxb5 Be6 40. b6 Kd7 41. Re1 Kc6 42. Rb1 Kb7 43. Ra1 Bxh3 44. Ra7+ Kb8 45. f4 Bc8 46. Re7 Rf6 47. Kd5 Bb7+ 48. Ke5 Rc6 49. Bd6+ Ka8 50. Rxg7 Rc4 51. f5 Re4+ 52. Kf6 Rc4 53. Kg5 Rc1 54. f6 Rg1+ 55. Kh6 1-0

[Event "Guimaraes op"]
[Site "Guimaraes"]
[Date "2021.08.26"]
[Round "4"]
[White "Fernandez Lopez, Ruben"]
[Black "Goumas, Georgios"]
[Result "1/2-1/2"]
[WhiteElo "2213"]
[BlackElo "2422"]
[PlyCount "110"]
[EventDate "2021.08.24"]
[EventType "swiss"]
[EventRounds "9"]
[EventCountry "POR"]
[SourceTitle "CBM 204 Extra"]
[Source "ChessBase"]
[SourceDate "2021.11.30"]
[SourceVersion "1"]
[SourceVersionDate "2021.11.30"]
[SourceQuality "1"]

1. e4 c5 2. Nf3 Nc6 3. d4 cxd4 4. Nxd4 Nf6 5. Nc3 d6 6. Be2 g6 7. 0-0 Bg7 8. Nb3 0-0 9. Re1 a6 10. Bf1 b5 11. Nd5 Bb7 12. c3 Nd7 13. a4 e6 14. Ne3 Nf6 15. Ng4 Nxg4 16. Qxg4 b4 17. Bg5 Qb8 18. cxb4 Nxb4 19. Rad1 Nc6 20. Qg3 h6 21. Bf4 Ne5 22. Na5 Bc8 23. Qa3 Qb6 24. Bxe5 dxe5 25. Nc4 Qc7 26. a5 Bb7 27. Nb6 Rad8 28. Rc1 Qb8 29. Qe7 Rfe8 30. Qc7 Rd4 31. Qxb8 Rxb8 32. Rc7 Bf8 33. Rec1 Bd6 34. Rd7 Bxe4 35. Nc4 Bb4 36. Nxe5 Rd5 37. Rxd5 Bxd5 38. Nd7 Rd8 39. Nf6+ Kg7 40. Nxd5 Rxd5 41. Bxa6 Bxa5 42. Kf1 Rd2 43. Rb1 Bb4 44. Be2 Kf6 45. g3 Ke5 46. b3 f5 47. Bc4 Ra2 48. Rc1 Kd6 49. Bb5 Bc5 50. Be2 Rb2 51. Rd1+ Ke7 52. Rc1 Bd6 53. Bc4 Bb4 54. Ra1 Bc5 55. Ra6 Rxf2+ 1/2-1/2

[Event "Anogia Tal Memorial 2nd"]
[Site "Anogia"]
[Date "2019.09.16"]
[Round "6"]
[White "Goumas, Georgios"]
[Black "Sidiropoulos, Nikolaos"]
[Result "1-0"]
[WhiteElo "2417"]
[BlackElo "2117"]
[PlyCount "67"]
[EventDate "2019.09.11"]
[EventType "tourn"]
[EventRounds "9"]
[EventCountry "GRE"]
[EventCategory "2"]
[SourceTitle "EXT 2020"]
[Source "ChessBase"]
[SourceDate "2019.10.17"]
[SourceVersion "1"]
[SourceVersionDate "2019.10.17"]
[SourceQuality "1"]

1. e4 c6 2. Nf3 d5 3. Nc3 Nf6 4. e5 Ne4 5. Ne2 Qb6 6. d4 e6 7. Ng3 c5 8. Bd3 Nxg3 9. fxg3 Nc6 10. 0-0 h6 11. Kh1 Bd7 12. dxc5 Bxc5 13. a3 Be3 14. b4 Bxc1 15. Rxc1 Ne7 16. Qe2 a6 17. c3 g6 18. g4 Rc8 19. Qd2 Bb5 20. Bxb5+ axb5 21. Nd4 Nc6 22. Qf4 Nd8 23. Rf3 Rh7 24. Rcf1 Rc4 25. Qf6 Rxd4 26. cxd4 Qxd4 27. a4 h5 28. g5 h4 29. h3 Qxb4 30. axb5 Qxb5 31. Ra3 Qc5 32. Ra8 Qe7 33. Qf4 Rh8 34. Rc1 1-0